000 00532nam a2200181 a 4500
008 951030s1984||||[C 0 slo c
040 _aSNK
_bslo
_cSNK
_eAACR2
041 1 _aslo
_heng
044 _axo
_cSK
080 _a820 (73)-3
100 1 _aDenker, Henry
_4aut
245 1 0 _aDiagnóza doktorky Scofieldovej
_cHenry Denker ; Ján Kamenistý, František Tomík
260 _aBratislava
_bSmena
_c1984
_eŽilina
_fDanubiaprint
700 1 _aKamenistý, Ján
_4trl
700 1 _aTomík, František
_4bkd
020 _c33
958 _aA
999 _c10269
_d10269